000 00315nam a2200121Ia 4500
005 20251222154313.0
008 251222s9999||||xx |||||||||||||| ||spa||
020 _a84-7738-139-9
082 _a571.4/C79
100 _a"Córdova, Carlos VicenteLegaz González, María Estrella"
245 0 _aBiofísica
942 _cLIB
999 _c33457
_d33457